000
00258nam a2200097Ia 4500
005
20250424112855.0
008
250424s9999 xx 000 0 und d
300
_a
111 p. ; 25 cm.
650
_a
Islamic law--Periodicals Comparative law--Periodicals
942
_c
SR
999
_c
37635
_d
37635